Top 10 des meilleurs buteurs en Premier League au 21ème siècle - Statistiques

Statistiques générales
  • Ce quiz a été pris 433 fois
  • Le résultat moyen est 7 sur 10
Statistiques - réponses
Nombre de but Nationalité Joueur % Correct
160 Égypte Mohamed Salah
98%
213 Angleterre Harry Kane
91%
158 France Thierry Henry
90%
184 Argentine Sergio Aguero
83%
208 Angleterre Wayne Rooney
83%
144 Pays-Bas Robin Van Persie
74%
160 Angleterre Frank Lampard
59%
123 Angleterre Raheem Sterling
36%
138 Angleterre Jamie Vardy
35%
163 Angleterre Jermain Defoe
17%
Aucun quiz correspondant
Distribution des résultats
% des personnes avec chaque résultat
Percentile par nombre de réponses
Votre historique - résultats
Vous n’avez pas pris ce quiz